| 000 | 00671nam a2200277Ia 4500 | ||
|---|---|---|---|
| 005 | 20260121125255.0 | ||
| 008 | 008 260114s9999 xx 000 0 eng d | ||
| 020 | _a9780674239982 | ||
| 037 | _aEBOOK | ||
| 040 | _aCRL | ||
| 040 | _beng | ||
| 040 | _cCRL | ||
| 041 | _2eng | ||
| 041 | _aeng | ||
| 084 | _qCRL | ||
| 100 |
_aMilanich, Nara B. _9990179 |
||
| 245 | 0 | _aPaternity: The Elusive Quest for the Father | |
| 260 | _bWalter de Gruyter | ||
| 260 | _bWalter de Gruyter | ||
| 260 | _c2019 | ||
| 650 |
_aHistory _9990180 |
||
| 856 | _uhttp://www.degruyter.com/isbn/9780674239982 | ||
| 942 | _cEBOOK | ||
| 999 |
_c1560782 _d1560782 |
||